Pengurusan masa : menguruskan masa dengan lebih baik dalam masa 21 hari
| Corporate Author: | |
|---|---|
| Format: | Book |
| Published: |
Kuala Lumpur :
Synergy Publishing Co
|
| Subjects: |
MARC
| LEADER | 00000cam a2200000 7i4500 | ||
|---|---|---|---|
| 001 | 0000012455 | ||
| 005 | 20071218.0 | ||
| 008 | 071218 | ||
| 020 | |a 9831971477 | ||
| 090 | 0 | 0 | |a 658.4093 |b PEN |
| 245 | 1 | 0 | |a Pengurusan masa : |b menguruskan masa dengan lebih baik dalam masa 21 hari |
| 260 | |a Kuala Lumpur : |b Synergy Publishing Co | ||
| 650 | 0 | |a Malay fiction | |
| 650 | 0 | |a Time management | |
| 710 | 0 | |a Title | |
| 999 | |a 0001004802 |b Book |c Adult Collection |e Perbadanan Perpustakaan Awam Johor | ||